Anar al contingut

ИЗМЕНЕНИЕ АКТИВНОСТИ Na+,K+-АТФазы В РАЗЛИЧНЫХ ОБЛАСТЯХ МОЗГА 17-ДНЕВНЫХ КРЫС, ПОДВЕРГНУТЫХ ВЛИЯНИЮ ГИПОКСИИ В РАЗЛИЧНЫЕ ПЕРИОДЫ ПРЕНАТАЛЬНОГО РАЗВИТИЯ Статья

Guardat en:
Dades bibliogràfiques
Autor principal: Гадирова Л. Б.
Format: Статья
Edició:1
Accés en línia:https://znanium.com/catalog/document?id=115511
https://znanium.com/cover/0529/529349.jpg
Etiquetes: Afegir etiqueta
Sense etiquetes, Sigues el primer a etiquetar aquest registre!
LEADER 01217nam0a2200241 i 4500
001 RU\infra-m\znanium\bibl\529349
003 https://znanium.com/catalog/document?id=115511
005 20211203000000.0
100 |a 20211203d2015 m y0rusy0150 ca 
101 0 |a rus 
102 |a RU 
200 1 |a ИЗМЕНЕНИЕ АКТИВНОСТИ Na+,K+-АТФазы В РАЗЛИЧНЫХ ОБЛАСТЯХ МОЗГА 17-ДНЕВНЫХ КРЫС, ПОДВЕРГНУТЫХ ВЛИЯНИЮ ГИПОКСИИ В РАЗЛИЧНЫЕ ПЕРИОДЫ ПРЕНАТАЛЬНОГО РАЗВИТИЯ  |e Статья 
205 |a 1 
210 1 |a Москва  |c ФГБHУ "НИИНФ им. П.К. Анохина"  |d 2015 
215 |a 4 с. 
333 |a Аспирантура 
608 |a Статья  |2 local 
675 |a 619  |z rus 
686 |a 534  |2 rubbk 
700 1 |a Гадирова  |b Л. Б. 
801 0 |a RU  |b Общество с ограниченной ответственностью «ЗНАНИУМ»  |c 20150922  |2 rusmarc 
856 4 |a znanium.com  |m ebs_support@infra-m.ru  |n НИЦ ИНФРА-М  |u https://znanium.com/catalog/document?id=115511 
856 4 1 |a znanium.com  |d /cover/0529  |f 529349.jpg  |q image/jpeg  |u https://znanium.com/cover/0529/529349.jpg